| 000 | 004130000a22001690004500 | ||
|---|---|---|---|
| 003 | MACL | ||
| 005 | 20151229150937.0 | ||
| 008 | 151229b xxu||||| |||| 00| 0 eng d | ||
| 040 |
_aMACL _cMACL |
||
| 041 | _aEnglish | ||
| 082 | _a160/RAN | ||
| 100 |
_aRandle, H N _924021 |
||
| 245 | _aFragments From Dinnaga | ||
| 260 |
_bThe Royal Asiatic Society _c1926 |
||
| 650 |
_aLogic _921842 |
||
| 942 |
_cBK _k160/RAN _2ddc |
||
| 999 |
_c35265 _d35265 |
||